FC Bayern München Kader Saison 2016/2017 - Statistiken

Allgemein
  • Dieses Quiz wurde 64 mal gespielt
  • Das Durchschnittsergebnis liegt bei 21 aus 31
Antwortstatistiken
Nummer Nation Spieler % Korrekt
1 Deutschland Manuel Neuer
100%
9 Polen Robert Lewandowski
98%
27 Österreich David Alaba
96%
17 Deutschland Jérome Boateng
96%
25 Deutschland Thomas Müller
96%
10 Niederlande Arjen Robben
95%
7 Frankreich Franck Ribéry
93%
6 Spanien Thiago
93%
23 Chile Arturo Vidal
91%
5 Deutschland Mats Hummels
91%
8 Spanien Javi Martinez
89%
32 Deutschland Joshua Kimmich
88%
21 Deutschland Philipp Lahm
88%
26 Deutschland Sven Ulreich
86%
11 Brasilien Douglas Costa
81%
29 Frankreich Kingsley Coman
81%
14 Spanien Xabi Alonso
79%
13 Brasilien Rafinha
77%
35 Portugal Renato Sanches
70%
28 Deutschland Holger Badstuber
68%
18 Spanien Juan Bernat
68%
22 Deutschland Tom Starke
65%
37 USA Julian Green
49%
34 Österreich Marco Friedl
39%
20 Deutschland Felix Götze
30%
40 Kroatien Fabian Benko
25%
30 Deutschland Niklas Dorsch
23%
39 Deutschland Nicolas Feldhahn
7%
38 Türkei Erdal Öztürk
5%
37 Deutschland Leo Weinkauf
5%
15 Philippinen Raphael Obermair
4%
Keine übereinstimmenden Quizze gefunden
Verteilung der Resultate
Anzahl Personen mit jedem Resultat
Perzentil nach korrekt beantworteten Fragen
Ihre Resultats-Entwicklung
Sie haben dieses Quiz noch nicht gespielt